Ensayos temáticos sobre el TLC: República Dominicana, Centroamérica, Estados Unidos (Registro nro. 3488)
[ vista simple ]
| 000 -CABECERA | |
|---|---|
| campo de control de longitud fija | 00614aam a2200205 4500 |
| 005 - FECHA Y HORA DE ACTUALIZACIÓN | |
| campo de control | 20161122134136.0 |
| 008 - LONGITUD FIJA | |
| campo de control de longitud fija | 150302b xxu||||| |||| 00| 0 ES d |
| 041 ## - IDIOMA | |
| Código de idioma del texto/pista de sonido o título separado | |
| 082 ## - CLASIFICACIÓN DECIMAL DEWEY | |
| Número de clasificación | 382.972.073 E59e |
| 245 ## - TÍTULO PROPIAMENTE DICHO | |
| Título | Ensayos temáticos sobre el TLC: República Dominicana, Centroamérica, Estados Unidos |
| 260 ## - PIE DE IMPRENTA | |
| Lugar de publicación, distribución, etc. | Costa Rica |
| Nombre del editor, distribuidor, etc. | EUNED |
| Fecha de publicación, distribución, etc. | 2005 |
| 300 ## - DESCRIPCIÓN FÍSICA | |
| Extensión | 378 páginas |
| 650 ## - Materia General | |
| Materia general | COSTA RICA |
| 650 ## - Materia General | |
| Materia general | TRATADO DE LIBRE COMERCIO |
| 650 ## - Materia General | |
| Materia general | COMERCIO EXTERIOR |
| 650 ## - Materia General | |
| Materia general | ESTADOS UNIDOS |
| 650 ## - Materia General | |
| Materia general | PROPIEDAD INTELECTUAL |
| 650 ## - Materia General | |
| Materia general | MERCADOS |
| 942 ## - Punto de Acceso Adicional Koha | |
| Tipo de ítem Koha | Libro |
| Estado perdido | Estado dañado | No para préstamo | Biblioteca permanente | Biblioteca actual | Signatura completa | Código de barras | Precio efectivo a partir del | Tipo de ítem |
|---|---|---|---|---|---|---|---|---|
| Departamento de Biblioteca y Documentación Alfonso Chase Brenes | Departamento de Biblioteca y Documentación Alfonso Chase Brenes | 382.972.073 E59e | 12457 | 27/10/2016 | Libro |